Pla de formació 2005-2006 / Diputació de Barcelona. Xarxa de Municipis. Àrea de Govern Local
Descripción Física:
147 p. ; 21 cm
MARC
| LEADER | 00000nam a2200000Ia 4500 | ||
|---|---|---|---|
| 001 | 17191 | ||
| 008 | 160829s2005 xx 000 0 cat d | ||
| 080 | |a E-1-241 | ||
| 110 | 1 | |a Barcelona (Catalunya : Província). |b Àrea de Govern Local |9 54267 | |
| 245 | |a Pla de formació 2005-2006 / Diputació de Barcelona. Xarxa de Municipis. Àrea de Govern Local | ||
| 260 | |a [Barcelona] : |b Institut d'Edicions, |c 2005 | ||
| 300 | |a 147 p. ; |c 21 cm | ||
| 610 | 1 | 0 | |a Barcelona (Catalunya : Província). |b Diputació |x Funcionaris i empleats |x Formació |9 56151 |
| 901 | |a Arxiu | ||
| 942 | |n 1 | ||
| 952 | |0 0 |1 0 |4 0 |6 E1241 |7 1 |9 42478 |a Arxiu |b Arxiu |d 2016-12-01 |l 0 |o E-1-241 |p 17191 |r 2016-12-01 00:00:00 |w 2016-12-01 |y ARXIU | ||
| 999 | |c 44983 |d 44983 | ||